|
|
|
|
| LEADER |
01782cam a2200457 a 4500 |
| 001 |
c000395637 |
| 003 |
CARM |
| 005 |
20140120135556.0 |
| 008 |
140120s1999 maua b 000 0 eng d |
| 010 |
|
|
|a 98050262
|
| 015 |
|
|
|a GBA0-29338
|
| 019 |
1 |
|
|a 14299119
|5 LACONCORD2021
|
| 020 |
|
|
|a 0262032678 (hbk.)
|
| 020 |
|
|
|a 0262531607 (pbk.)
|
| 020 |
|
|
|a 0585107882 (electronic bk.) :
|c $50.00
|
| 035 |
|
|
|a (OCoLC)40444011
|5 LACONCORD2021
|
| 040 |
|
|
|a DLC
|b eng
|c DLC
|d DLC
|d LC
|
| 042 |
|
|
|a pcc
|
| 050 |
0 |
0 |
|a HF1379
|b .I847 1999
|
| 082 |
0 |
4 |
|a 382
|2 21
|
| 245 |
0 |
0 |
|a Issues and agents in international political economy /
|c edited by Benjamin J. Cohen and Charles Lipson.
|
| 260 |
|
|
|a Cambridge, Mass. :
|b MIT Press,
|c c1999.
|
| 300 |
|
|
|a 377 p. :
|b ill. ;
|c 23 cm.
|
| 490 |
1 |
|
|a International organization reader
|
| 500 |
|
|
|a "The contents of this book were first published in International organization ..." - t.p. verso.
|
| 504 |
|
|
|a Includes bibliographical references.
|
| 530 |
|
|
|a Also available online via the World Wide Web, made available by netLibrary.
|
| 650 |
|
0 |
|a International trade.
|
| 650 |
|
0 |
|a International business enterprises.
|
| 650 |
|
0 |
|a International finance.
|
| 650 |
|
0 |
|a International economic relations.
|
| 700 |
1 |
|
|a Cohen, Benjamin J.
|
| 700 |
1 |
|
|a Lipson, Charles.
|
| 730 |
0 |
|
|a International organization
|
| 740 |
0 |
|
|a International organization.
|
| 852 |
8 |
|
|b CARM
|p 0557382
|f BK
|
| 852 |
8 |
|
|b SCAN
|h A3:AE38B0
|i B12245
|p 0557382
|f BK
|
| 830 |
|
0 |
|a International organization readers.
|
| 999 |
f |
f |
|i 343adaef-273a-5527-9e23-6e20b852ebca
|s 15aff353-9589-5371-8b72-68f467350b44
|
| 952 |
f |
f |
|p Can circulate
|a CAVAL
|b CAVAL
|c CAVAL
|d CARM 1 Store
|i book
|m 0557382
|
| 952 |
f |
f |
|a CAVAL
|b CAVAL
|c CAVAL
|d Unmapped Location
|e B12245
|f A3:AE38B0
|h Other scheme
|